000 00924nam a2200205Ia 4500
003 OSt
005 20201019145047.0
008 191128s1972 ck ao gr 000 0 spa d
040 _aCO-JMCR
_cCO-JMCR
041 0 _aspa
082 0 4 _a986.1062 /
_bC749c
_223
110 1 _aColombia.
_bCongreso Grancolombiano de Historia
_911690
245 1 3 _aEl Congreso Grancolombiano de Historia 1821-1971 /
260 _aBogotá :
_bEditorial Kelly,
_c1972
300 _a606 páginas :
_bfotografías a blanco y negro ;
_c24 cm.
490 0 _aBiblioteca de historia nacional ;
_v115
505 3 _aAlocución del Señor Presidente de la República, doctor Misael Pastrana Borrero, en el Templo del Rosario, el día 3 de octubre de 1971 -- Homilía pronunciada por Monseñor Pedro Rubiano Sáenz, Obispo de Cúcuta, en el Templo del Rosario el día 3 de octubre
650 1 4 _aHistoria del congreso de Cucúta
_911100
942 _2ddc
_cBK
999 _c6285
_d6285